Comparison of selected indicators of farms in the EU member states

Medzinárodné porovnanie vybraných ukazovateľov poľnohospodárskych podnikov vychádza z oficiálnych výsledkov výskumu podnikov zahrnutých do FADN (Poľnohospodárskej účtovnej datovej siete) a opiera sa o štandardné výstupy prepočítané na priemerný podnik v každom členskom štáte. Analyzované sú produkčn...

Descrizione completa

Salvato in:
Dettagli Bibliografici
Autore principale: Bašek, Václav
Altri autori: Kraus, Josef
Natura: Capitolo di libro
Lingua:inglese
Soggetti:
Tags: Aggiungi Tag
Nessun Tag, puoi essere il primo ad aggiungerne!!

MARC

LEADER 00000naa a2200000 4500
001 0158363
005 20231211065841.0
041 0 |a eng 
044 |a CZ 
245 1 0 |a Comparison of selected indicators of farms in the EU member states  |c Václav Bašek, Josef Kraus 
520 |a Medzinárodné porovnanie vybraných ukazovateľov poľnohospodárskych podnikov vychádza z oficiálnych výsledkov výskumu podnikov zahrnutých do FADN (Poľnohospodárskej účtovnej datovej siete) a opiera sa o štandardné výstupy prepočítané na priemerný podnik v každom členskom štáte. Analyzované sú produkčné a nákladové ukazovatele, prevádzková podpora, hrubá a čistá pridaná hodnota v prepočte na hektár poľnohospodárskej pôdy a ďalšie odvodené indikátory. 
610 2 0 |a účtovníctvo medzinárodné 
610 2 0 |a Európska únia 
610 2 0 |a podnik poľnohospodársky 
610 2 0 |a výsledok hospodársky 
610 2 0 |a efektívnosť 
610 2 0 |a ukazovatele 
100 1 |a Bašek, Václav 
700 1 |a Kraus, Josef